Normal view
MARC view
Entry Topical Term
001 - CONTROL NUMBER
- control field: 246176
003 - CONTROL NUMBER IDENTIFIER
- control field: OSt
005 - DATE AND TIME OF LATEST TRANSACTION
- control field: 20251118125517.0
008 - FIXED-LENGTH DATA ELEMENTS
- fixed length control field: 251118|| aca||aabn | a|a d
040 ## - CATALOGING SOURCE
- Original cataloging agency: OSt
- Transcribing agency: OSt
150 ## - HEADING--TOPICAL TERM
- Topical term or geographic name entry element: I
670 ## - SOURCE DATA FOUND
- Source citation: Work cat.: (OSt)140535: KANNADA PUSTAKA PRADHIKARA ಕನ್ನಡ ಪುಸ್ತಕ ಪ್ರಾಧಿಕಾರ 246170, E nelada baduku: kannada nadina krashi acharanegalu, 2008